000 00344nam a22001457a 4500
008 221117b ||||| |||| 00| 0 eng d
020 _a9781584264521
041 _aeng
080 _a159.9
082 _a159.9 KUE
100 _a25
101 _aPSI
245 _aPROCEDURAL CODING AND REIMBURSEMENT FOR PHYSICIAN
_cKUEHN L
942 _2udc
_cBK
999 _c58929
_d58929